000 00358nam a2200145Ia 4500
005 20260603144456.0
008 191201s2019 xx 000 0 und d
082 _a005.73
_bHOF
100 _aHOROWITZ, Ellis
245 0 _aFundamentals of Data Structures
260 _aN.Delhi
_bGalgotia Pub. Pvt
300 _a564
650 _aB.Tech(CSE)
942 _2ddc
_cBK
999 _c2353
_d2353